000 00344nam a2200133Ia 4500
005 20260328101458.0
008 260328s9999||||xx |||||||||||||| ||und||
100 _aLawlor, Drue
245 0 _aResidential Design for aging in Place /
_cDrue Lawlor
260 _bJohn Wiley & Sons
300 _a236 p.
650 _aARQUITECTURA CIVIL
942 _cBK
999 _c8880
_d8880